Quick Pick: Game of Thrones Sand Snakes Episodes Quiz Stats

 Plays Quiz not verified by Sporcle

Support Sporcle.
Go Orange.
Score 0/8 Timer 01:00
0 Plays Today
% Correct
Unbowed, Unbent, Unbroken
80%
Mother's Mercy
71.4%
The Dance of the Dragons
68.6%
Stormborn
64.3%
The Gift
60%
Sons of the Harpy
58.6%
The Red Woman
54.3%
The Winds of Winter
42.9%

You're not logged in!

Compare scores with friends on all Sporcle quizzes.
OR
Log In

From the Vault

According to Beatles Songs

by lolshortee

One can learn a lot from The Beatles.
Remove Ads.
Support Sporcle.
Get the best of Sporcle when you Go Orange. This ad-free experience offers more features, more stats, and more fun while also helping to support Sporcle. Thank you for becoming a member.

Show Comments

Extras

Top Quizzes Today


Score Distribution

Your Account Isn't Verified!

In order to create a playlist on Sporcle, you need to verify the email address you used during registration. Go to your Sporcle Settings to finish the process.

Report this User

Report this user for behavior that violates our Community Guidelines.

Details: